000
00199 a2200097 4500
001
5886
100
_a
Timoshenk,D
245
_a
Advanced Dynamics
260
_a
_b
McGraw hill
_c
090
_c
4804
_d
4804
942
_a
NUST-CAE
_c
M
_c
31161
999
_c
240959
_d
240959